000 01561cam a2200157 4500500
005 20260208005816.0
041 _afre
042 _adc
100 1 0 _aVibert, Anne
_eauthor
245 0 0 _aFontanier : autour et au-delà la rhétorique dans le premier tiers du XIXe siècle
260 _c2005.
500 _a15
520 _aSi le Manuel classique pour l’étude des Tropes de Pierre Fontanier a pu être présenté par Gérard Genette comme l’« aboutissement le plus représentatif et le plus achevé » de la rhétorique classique, une meilleure connaissance de l’histoire de la rhétorique nous permet désormais de lui restituer une place beaucoup plus marginale. Le premier tiers du XIXe siècle connaît en effet une véritable renaissance de la rhétorique — restaurée dans toute son extension — et avec elle de l’éloquence qui retrouve un rôle actif dans la cité. Tandis que le manuel de Fontanier entendait proposer « une vraie Théorie des Tropes » et non former à l’art oratoire, d’autres manuels, plus représentatifs de leur époque, sont en quête de nouveaux modèles pour les orateurs. On assiste alors à la naissance d’une nouvelle éloquence fondée sur l’improvisation, qui mobilise les ressources de l’invention et de la disposition plutôt que celles de l’élocution.
786 0 _nRevue d'histoire littéraire de la France | 105 | 2 | 2005-03-01 | p. 369-393 | 0035-2411
856 4 1 _uhttps://shs.cairn.info/revue-d-histoire-litteraire-de-la-france-2005-2-page-369?lang=fr&redirect-ssocas=7080
999 _c1653872
_d1653872